Fr. Conceicao Rodrigues College of Engineering

C programming and data structures (Record no. 22392)

MARC details
000 -LEADER
fixed length control field 00321nam a2200157Ia 4500
082 ## - DEWEY DECIMAL CLASSIFICATION NUMBER
Item number ARA
100 ## - MAIN ENTRY--PERSONAL NAME
Personal name Aradhya/M
245 ## - TITLE STATEMENT
Title C programming and data structures
260 ## - PUBLICATION, DISTRIBUTION, ETC.
Name of publisher, distributor, etc. Cengage Learning
Date of publication, distribution, etc. 2017
366 ## - TRADE AVAILABILITY INFORMATION
Publishers's discount category 25
300 ## - PHYSICAL DESCRIPTION
Extent 440
546 ## - LANGUAGE NOTE
Language note ENGLISH
650 ## - SUBJECT ADDED ENTRY--TOPICAL TERM
Topical term or geographic name entry element C Programming
942 ## - ADDED ENTRY ELEMENTS (KOHA)
Koha item type BOOK
Holdings
Withdrawn status Lost status Damaged status Not for loan Collection Home library Current library Date acquired Source of acquisition Cost, normal purchase price Inventory number Total Checkouts Full call number Barcode Date last seen Date last checked out Cost, replacement price Price effective from Koha item type
        CRC Fr. Agnel's C.Rodrigues College of Engineering AGNEL TECHNICAL COLLEGE LIBRARY 17/03/2023 Allied Publisher 337.50 894 dt 09.01.2018 3 ARA 25144 16/10/2023 26/09/2023 450.00   BOOK